000 00658nam a2200205 4500
001 107072
003 ES-MaACL
005 20250822042022.0
007 t|
008 061121s1969 sp r ||||1| spa d
100 1 _aMorgan, Clifford T.
_983511
245 1 0 _aIntroducción a la psicología /
_cClifford T. Morgan; versión de Alfonso Alvarez Villar.
260 _aMadrid :
_bAguilar,
_c1969.
300 _aXIX, 689 p. :
_bil. ;
_c25 cm.
490 1 _aPsicología y educación
700 1 _aAlvarez Villar, Alfonso.
_920998
830 0 0 _aPsicología y educación
_9180908
852 _aES-MaACL
_jC-36943
_bR.69277
999 _c107072
_d107072